Rozpočty miest a obcí v období prvej Československej republiky bakalárska práca

Salvato in:
Dettagli Bibliografici
Autore principale: Brehovský, Mário
Ente Autore: Národohospodárska fakulta EU. Katedra financií
Altri autori: Baláži, Peter
Natura: Libro
Lingua:slovacco
Pubblicazione: Bratislava 2018
Tags: Aggiungi Tag
Nessun Tag, puoi essere il primo ad aggiungerne!!

MARC

LEADER 00000nbm a2200000 4500
001 0245937
005 20181213103025.9
041 0 |a slo 
044 |a SK 
245 1 0 |a Rozpočty miest a obcí v období prvej Československej republiky  |b bakalárska práca  |c Mário Brehovský ; školiteľ: Peter Baláži 
264 1 |a Bratislava  |c 2018 
300 |a 43 s. 
100 1 |a Brehovský, Mário 
700 1 |a Baláži, Peter 
710 2 |a Národohospodárska fakulta EU. Katedra financií